Statistiche per Città più grande in Italia Quiz

Clicka qui per fare il quiz!

Statistiche generali

  • Questo quiz è stato fatto 8.207 volte
  • Il punteggio medio è 15 su 20

Statistiche sulle risposte

PopolazioneCittà% Corretto
2.761.477Roma
100%
1.324.110Milano
99%
959.574Napoli
98%
907.563Torino
97%
655.875Palermo
95%
371.282Firenze
94%
270.884Venezia
93%
320.475Bari
91%
380.181Bologna
90%
607.906Genova
88%
263.964Verona
76%
293.458Catania
74%
205.535Trieste
72%
186.547Reggio di Calabria
68%
193.879Brescia
56%
214.198Padova
53%
186.690Parma
53%
242.503Messina
52%
191.810Taranto
38%
188.011Prato
25%

Distribuzione punteggi

Percentile per numero di risposta

Percentuale di utenti per punteggio

I tuoi punteggi nel tempo

Non hai fatto questo quiz